Fast and Furious general knowledge - Statistics

General Stats
  • This quiz has been taken 568 times
  • The average score is 6 of 15
Answer Stats
Hint Answer % Correct
who has lost their memory in fast and furious 6 letty
77%
who does fast and furious pay tribute to at the end of furious 7? Paul Walker
74%
who "killed" Han in tokyo drift deckard shaw
65%
who tries to catch dom in fast 5? luke hobbs
61%
who isnt dead in f9 han
54%
who dies in first film at the end jesse
43%
what colour is brians evo yellow
41%
what is Brian's undercover name brian earl spilner
38%
what is brian's job in fast and furious 4 fbi
38%
what car scares dom in the first fast and furious film dodge charger
35%
who makes dom turn on his family cipher
24%
what Sandwich does brian get at doms grocery store tuna, no crust
18%
what is the florida drug dealers name in 2 fast 2 furious carter verone
16%
who plays vince matt schulze
11%
what is hobbs iconic quote to deckard shaw in fate of the furious. prison scene i will beat your ass like a cherokee drum
4%
No matching quizzes found
Score Distribution
Percent of People with Each Score
Percentile by Number Answered
Your Score History
You have not taken this quiz